000 00764nam a2200241Ia 4500
003 GCL
008 140319s9999 xx 000 0 ara d
040 _aGCL /
_cGCL
082 0 4 _aق
_b709.03
_bر ف
100 1 _aربيع حامد خليفة
245 1 0 _aفنون القاهرة فى العهد العثمانى 1517 - 1805 م /
_cربيع حامد خليفة
260 _aالقاهرة :
_bمكتبة نهضة الشرق ،
_c1984
300 _a197 ص ؛
_c22 سم
490 _a
650 0 4 _aمصر
650 0 4 _aالفنون الجميلة
650 0 4 _aالامبراطورية العثمانية
650 0 4 _aالفن
650 0 4 _aالفن الزخرفى
650 0 4 _aالقاهرة
650 0 4 _aتاريخ ونقد
942 _2ddc
_cBK
999 _c35667
_d35667